Таблицы теплофизических свойств воды и водяного пара (Запись № 186513)

Подробности
000 -МАРКЕР
контрольное поле 01750nam0a2200337 4500
001 - ИДЕНТИФИКАТОР ЗАПИСИ
контрольное поле RU\NLR\bibl\37281
005 - ИДЕНТИФИКАТОР ВЕРСИИ
контрольное поле 20260405083740.0
010 ## - МЕЖДУНАРОДНЫЙ СТАНДАРТНЫЙ НОМЕР КНИГИ (ISBN)
Номер (ISBN) 5-7046-0397-1
Тираж 3000
021 ## - НОМЕР ГОСУДАРСТВЕННОЙ РЕГИСТРАЦИИ
Код страны Российская Федерация
Номер 99-15321
Номер Листа государственной регистраци 743
035 ## - ДРУГИЕ СИСТЕМНЫЕ НОМЕРА
Идентификатор записи (NLR Aleph) 000036323
100 ## - ДАННЫЕ ОБЩЕЙ ОБРАБОТКИ
Данные общей обработки 19990707d1999 |||y0rusy50 ca
101 0# - ЯЗЫК РЕСУРСА
Язык текста, звукозаписи и т.д. русский
102 ## - СТРАНА ПУБЛИКАЦИИ ИЛИ ПРОИЗВОДСТВА
Страна публикации Российская Федерация
105 ## - ПОЛЕ КОДИРОВАННЫХ ДАННЫХ: ТЕКСТОВЫЕ МАТЕРИАЛЫ, МОНОГРАФИЧЕСКИЕ
Кодированные данные о монографическом текстовом документе a |||||||||
200 1# - ЗАГЛАВИЕ И СВЕДЕНИЯ ОБ ОТВЕТСТВЕННОСТИ
Основное заглавие Таблицы теплофизических свойств воды и водяного пара
Сведения, относящиеся к заглавию Справ.
-- Табл. рассчитаны по уравнениям Междунар. ассоц. по свойствам воды и водяного пара и рекомендованы Гос. службой стандарт. справ. данных ГСССД Р-776-98
Первые сведения об ответственности А.А. Александров, Б.А. Григорьев
210 ## - ПУБЛИКАЦИЯ, РАСПРОСТРАНЕНИЕ И ДР.
Место издания, распространения и т.д. М.
Имя издателя, распространителя и т. д. Изд-во МЭИ
Дата издания, распространения и т.д. 1999
215 ## - ФИЗИЧЕСКАЯ ХАРАКТЕРИСТИКА
Специфическое обозначение материала и объем 158,[6] с.
Другие сведения о физической характеристике схем.
Размеры 27
300 ## - ОБЩИЕ ПРИМЕЧАНИЯ
Текст примечания На 3-й с.: Кн. издана к столетию со дня рождения М.П. Вукаловича
320 ## - ПРИМЕЧАНИЯ О НАЛИЧИИ В ДОКУМЕНТЕ БИБЛИОГРАФИИ / УКАЗАТЕЛЯ
Текст примечания Библиогр.: с. 14
606 0# - НАИМЕНОВАНИЕ ТЕМЫ КАК ПРЕДМЕТ
Наименование темы Вода
Формальный подзаголовок Таблицы
Тематический подзаголовок Теплофизические свойства
Системный номер авторитетной/нормативной записи 1269081
Идентификатор авторитетной/нормативной записи RU\NLR\auth\66204382
606 0# - НАИМЕНОВАНИЕ ТЕМЫ КАК ПРЕДМЕТ
Наименование темы Пар
Формальный подзаголовок Таблицы
Тематический подзаголовок Теплофизические свойства
Системный номер авторитетной/нормативной записи 1841360
Идентификатор авторитетной/нормативной записи RU\NLR\auth\66833559
686 ## - ИНДЕКСЫ ДРУГИХ КЛАССИФИКАЦИЙ
Индекс З311.133я28
700 #1 - ИМЯ ЛИЦА - ПЕРВИЧНАЯ ОТВЕТСТВЕННОСТЬ
Код отношения Автор
Материалы, к которым относится поле rus
Графика поля Кириллица
Начальный элемент ввода Александров
Часть имени, кроме начального элемента ввода А.А.
Дополнения к именам, кроме дат д-р техн. наук
Расширение инициалов личного имени Алексей Александрович
Идентификатор авторитетной/нормативной записи RU\NLR\auth\7730137
Системный номер авторитетной/нормативной записи 13164
701 #1 - ИМЯ ЛИЦА - АЛЬТЕРНАТИВНАЯ ОТВЕТСТВЕННОСТЬ
Начальный элемент ввода Григорьев
Часть имени, кроме начального элемента ввода Б. А.
Расширение инициалов личного имени Борис Афанасьевич
Код отношения Автор
801 #0 - ИСТОЧНИК ЗАПИСИ
Страна Российская Федерация
Организация NLR
Дата составления 19990707
Правила каталогизации PSBO
801 #1 - ИСТОЧНИК ЗАПИСИ
Страна Российская Федерация
Организация NLR
Дата составления 19990707
852 ## - МЕСТОНАХОЖДЕНИЕ И ШИФР ХРАНЕНИЯ
Идентификатор организации NLR
Шифр хранения (Call Number) 99-8/873
942 ## - ДОПОЛНИТЕЛЬНЫЕ ЭЛЕМЕНТЫ ЗАПИСИ (АБИС)
Тип экземпляра АБИС Книга
980 ## - КОЛЛЕКЦИЯ
Название коллекции Национальная библиография
Экземпляры
Тип экземпляра Дата поступления Источник поступления Стоимость Библиотека постоянного хранения Библиотека текущего хранения Место хранения Шифр хранения Штрих-код Статус экземпляра
Книга 18.06.2004 Подсобные фонды РНБ 120.00 РНБ (Московский) РНБ (Московский) Фонд научного зала литературы по технике Нз З311/А-465 1-287952